000 01275cam a2200217 4500
001 ##L132875
008 060316n2006 000 0 eng u
035 _a(Sirsi) u132875
041 0 _aeng
050 0 4 _a333.70285 $2 18
110 1 _aUnited Kingdom
_bOffice of the Deputy Prime Minister
245 0 0 _aNational Land Use Database
_bland use and land cover classification: version 4.4
260 _aLondon
_bODPM
_c2006
520 _aDescribes the new classification of land use and land cover developed by the ODPM as part of its National Land Use Database project. The classification offers a framework for harmonising existing classifications to facilitate consistent collection and reporting of land use and land cover information and provides the basis for the creation of national data sets. It has been designed to serve as a standard classification available for adoption by bodies involved in the routine collection of land use and land cover data.
590 _aIKA280306
690 _aENVIRONMENTAL AND LAND CONSULTANCY-GEOMATICS-LAND SURVEYING
700 1 _aHarrison, Andrew R.
710 2 _aLandinform
_94907
856 4 0 _uhttps://www.communities.gov.uk/index.asp?id=1163845
_zView the classification free of charge at www.dclg.gov.uk...
942 _n0
999 _c105269
_d105269